00906pam a2200265 i 45000010008000000030004000080050017000120080041000290100017000700200024000870400018001110500018001290820017001471000017001642450088001812600036002693000021003055000020003265040026003466000027003726500014003997000034004138560089004478560104005361775323OSt20181115174655.0770727s1978 ilu b 001 0 eng  a 77010689  a0802413927 :c$2.95 aDLCcDLCdDLC00aBM695.P3bR6700a296.4bR813C1 aRosen, Ceil.10aChrist in the Passover :bwhy is this night different? /cBy Ceil and Moishe Rosen. aChicago :bMoody Press,cc1978. a112 p. ;c22 cm. aIncludes index. aBibliography: p. 110.00aJesus ChristxPassion. 0aPassover.1 aRosen, Moishe,ejoint author.423Publisher descriptionuhttp://www.loc.gov/catdir/enhancements/fy0609/77010689-d.html423Contributor biographical informationuhttp://www.loc.gov/catdir/enhancements/fy1202/77010689-b.html